| 000 | 00537nam a22002057a 4500 | ||
|---|---|---|---|
| 003 | koha_MIRAKIL | ||
| 005 | 20231213095911.0 | ||
| 008 | 231213b |||||||| |||| 00| 0 ||| d | ||
| 020 | _b9-75610704-9 | ||
| 040 |
_aTR-IsEVY _btur _cTR-IsEVY |
||
| 082 | _a813.42 SEV/N | ||
| 100 | _aSevinçgül, Ömer. | ||
| 245 | 0 | _aNe demiş Albert Camus | |
| 250 | _a3. bs. | ||
| 260 |
_bCarpe Diem Kitap, _c2010 |
||
| 300 | _a186 s. | ||
| 650 | _aCamus, Albert -- Anthologies. | ||
| 650 | _aCamus, Albert -- Antolojiler. | ||
| 942 |
_2ddc _cBK |
||
| 999 |
_c11275 _d11275 |
||